| 000 | 00838na a2200265 4500 | ||
|---|---|---|---|
| 001 | 15027 | ||
| 003 | MIRAKIL | ||
| 005 | 20181213154829.0 | ||
| 008 | 161020b tu 000 0 | ||
| 020 | _a9786055646462 | ||
| 040 |
_aMilas _btur _cTR-AnCHP |
||
| 041 | _atur | ||
| 082 |
_a923.7 Saylan,T. _bS29s 2011 |
||
| 090 | _a923.7 Saylan,T. S29s 2011 | ||
| 100 | _aSaylan,Türkan | ||
| 245 |
_aSon nefeste son savunma _cTürkan Saylan, Hüseyin Karataş; editör Murat Aydın Doma |
||
| 260 |
_aİstanbul _bSiyah Beyaz Aletya Kütüphanesi _c1996 |
||
| 300 |
_a39 s. _bres. _c19 sm. |
||
| 600 |
_aSaylan,Türkan _d1935 - 2009 _xSuçlamalar ve savunmalar |
||
| 650 |
_aSiyasal suçlar _xSavunmalar |
||
| 651 |
_aTürkiye _xPolitika ve hükümet |
||
| 700 | _aDoma, Murat Aydın | ||
| 700 | _aKarataş, Hüseyin | ||
| 942 |
_2ddc _cBKS |
||
| 999 |
_c1633 _d1633 |
||